| 000 | 00759cam a22002531a 4500 | ||
|---|---|---|---|
| 001 | 20734 | ||
| 003 | BD-RjUL | ||
| 005 | 20211209000613.0 | ||
| 008 | 140302s1960 enk 000 0 eng | ||
| 035 | _a(BD-RjUL)20796 | ||
| 035 | _a(OCoLC)2077618 | ||
| 040 |
_aDLC _cTxU _dOCoLC _dUk _dWU _dWaS _dDLC _dBD-RjUL _beng |
||
| 041 | _aeng | ||
| 082 |
_a822.914 _bSIO 1960 |
||
| 100 | 1 |
_aSimpson, N. F. _q(Norman Frederick), _d1919-2011. _964025 |
|
| 245 | 1 | 0 |
_aOne way pendulum : _ba farce in a new dimension / _cN. F. Simpson. |
| 260 |
_aLondon : _bFaber & Faber, _cc1960. |
||
| 300 |
_a94 p. ; _c22 cm. |
||
| 650 | 0 |
_aFamilies _vDrama. _964027 |
|
| 942 |
_2ddc _cBK |
||
| 999 |
_c20734 _d20734 |
||